[Event "Deutsche Ländermeisterschaft 2025"]
[Site "Oer-Erkenschwick GER"]
[Date "2025.10.01"]
[Round "2"]
[White "Chandrasekher, Ritu"]
[Black "Oellrich, Emma"]
[Result "1/2-1/2"]
[Termination "normal"]
[Board "8.6"]
[WhiteElo "1600"]
[BlackElo "1764"]
[WhiteClock "00:15:41"]
[BlackClock "00:21:29"]
[WhiteTeam "Mecklenburg-Vorpommern"]
[BlackTeam "Niedersachsen"]
[PlyCount "87"]
[WhiteFideId "34609024"]
[BlackFideId "16268806"]
[EventCountry "GER"]
[EventRounds "7"]
[EventType "team-swiss"]
[EventDate "2025.09.30"]

1. Nf3 {[%clk 01:30:52]} {[%emt 00:00:06]} e6 {[%clk 01:30:55]} {[%emt
00:00:06]} 2. g3 {[%clk 01:31:17]} {[%emt 00:00:05]} d5 {[%clk 01:31:21]}
{[%emt 00:00:04]} 3. Bg2 {[%clk 01:31:35]} {[%emt 00:00:11]} Nf6 {[%clk
01:31:46]} {[%emt 00:00:06]} 4. O-O {[%clk 01:31:59]} {[%emt 00:00:06]} Be7
{[%clk 01:31:37]} {[%emt 00:00:38]} 5. d3 {[%clk 01:32:23]} {[%emt 00:00:06]}
c5 {[%clk 01:31:51]} {[%emt 00:00:17]} 6. Nbd2 {[%clk 01:32:46]} {[%emt
00:00:06]} Nc6 {[%clk 01:31:54]} {[%emt 00:00:28]} 7. e4 {[%clk 01:33:02]}
{[%emt 00:00:14]} d4 {[%clk 01:31:17]} {[%emt 00:01:06]} 8. Re1 {[%clk
01:32:24]} {[%emt 00:01:08]} e5 {[%clk 01:30:33]} {[%emt 00:01:15]} 9. Nf1
{[%clk 01:31:36]} {[%emt 00:01:17]} Nd7 {[%clk 01:29:18]} {[%emt 00:01:46]} 10.
Bd2 {[%clk 01:30:18]} {[%emt 00:01:47]} Rb8 {[%clk 01:27:52]} {[%emt 00:01:56]}
11. h4 {[%clk 01:28:35]} {[%emt 00:02:12]} f6 {[%clk 01:27:48]} {[%emt
00:00:35]} 12. c3 {[%clk 01:27:04]} {[%emt 00:02:01]} b5 {[%clk 01:27:27]}
{[%emt 00:00:51]} 13. g4 {[%clk 01:24:51]} {[%emt 00:02:43]} Nb6 {[%clk
01:25:22]} {[%emt 00:02:35]} 14. g5 {[%clk 01:22:44]} {[%emt 00:02:37]} dxc3
{[%clk 01:22:17]} {[%emt 00:03:35]} 15. Bxc3 {[%clk 01:20:10]} {[%emt
00:03:05]} b4 {[%clk 01:22:42]} {[%emt 00:00:05]} 16. Bd2 {[%clk 01:20:13]}
{[%emt 00:00:26]} Qxd3 {[%clk 01:20:28]} {[%emt 00:02:45]} 17. gxf6 {[%clk
01:19:46]} {[%emt 00:00:56]} gxf6 {[%clk 01:20:22]} {[%emt 00:00:36]} 18. N3h2
{[%clk 01:18:42]} {[%emt 00:01:33]} Qc4 {[%clk 01:17:24]} {[%emt 00:03:29]} 19.
Bf3 {[%clk 01:14:50]} {[%emt 00:04:21]} Nd4 {[%clk 01:16:03]} {[%emt 00:01:51]}
20. Bh5+ {[%clk 01:12:34]} {[%emt 00:02:46]} Kd8 {[%clk 01:15:06]} {[%emt
00:01:28]} 21. Ne3 {[%clk 01:08:53]} {[%emt 00:04:11]} Rg8+ {[%clk 01:14:37]}
{[%emt 00:00:59]} 22. Kh1 {[%clk 01:09:08]} {[%emt 00:00:15]} Qb5 {[%clk
01:14:30]} 23. Nhg4 {[%clk 01:09:08]} Bb7 {[%clk 01:14:30]} 24. Nc2 {[%clk
01:09:08]} Kc7 {[%clk 01:14:30]} 25. Nxd4 {[%clk 01:09:08]} cxd4 {[%clk
01:14:30]} 26. Nh6 {[%clk 01:09:08]} Rgd8 {[%clk 01:14:30]} 27. Rc1+ {[%clk
01:09:08]} Bc6 {[%clk 01:14:30]} 28. Qb3 {[%clk 01:09:08]} Bb7 {[%clk
01:09:40]} {[%emt 00:21:45]} 29. Qd1+ {[%clk 00:55:29]} {[%emt 00:01:51]} Bc6
{[%emt 00:03:06]} 30. Qb3 {[%clk 00:52:06]} {[%emt 00:01:05]} Nd7 {[%clk
00:59:55]} {[%emt 00:10:28]} 31. Qd5 {[%clk 00:46:20]} {[%emt 00:06:15]} Nc5
{[%clk 00:57:51]} {[%emt 00:02:34]} 32. Qf7 {[%clk 00:43:58]} {[%emt 00:02:51]}
Rd7 {[%clk 00:57:32]} {[%emt 00:00:49]} 33. Bg4 {[%clk 00:40:57]} {[%emt
00:03:31]} Nd3 {[%clk 00:47:04]} {[%emt 00:10:59]} 34. Bxd7 {[%clk 00:38:10]}
{[%emt 00:03:17]} Kxd7 {[%clk 00:44:29]} {[%emt 00:03:04]} 35. Nf5 {[%clk
00:35:15]} {[%emt 00:03:25]} Re8 {[%clk 00:43:59]} {[%emt 00:01:01]} 36. Ng7
{[%clk 00:32:48]} {[%emt 00:02:57]} Rc8 {[%clk 00:40:51]} {[%emt 00:03:38]} 37.
Qe6+ {[%clk 00:27:23]} {[%emt 00:05:55]} Kd8 {[%clk 00:40:49]} {[%emt
00:00:32]} 38. Nf5 {[%clk 00:24:37]} {[%emt 00:03:16]} Bc5 {[%clk 00:34:47]}
{[%emt 00:06:33]} 39. Nd6 {[%clk 00:18:29]} {[%emt 00:06:37]} Bxd6 {[%clk
00:32:04]} {[%emt 00:03:13]} 40. Qxd6+ {[%clk 00:18:46]} {[%emt 00:00:13]} Ke8
{[%clk 00:31:04]} {[%emt 00:01:31]} 41. Rg1 {[%clk 00:12:55]} {[%emt 00:06:20]}
Nxc1 {[%clk 00:20:46]} {[%emt 00:10:47]} 42. Qe6+ {[%clk 00:10:06]} {[%emt
00:03:19]} Kd8 {[%clk 00:21:10]} {[%emt 00:00:07]} 43. Qd6+ {[%clk 00:03:40]}
{[%emt 00:06:55]} Ke8 {[%clk 00:21:29]} {[%emt 00:00:12]} 44. Qe6+ {[%clk
00:15:41]} {[%emt 00:18:28]} 1/2-1/2

[Event "Deutsche Ländermeisterschaft 2025"]
[Site "Oer-Erkenschwick GER"]
[Date "2025.10.01"]
[Round "2"]
[White "Zhang, Jiahui"]
[Black "König, Lian"]
[Result "1-0"]
[Termination "normal"]
[Board "8.7"]
[WhiteElo "1575"]
[BlackElo "1482"]
[WhiteClock "00:35:13"]
[BlackClock "00:00:34"]
[WhiteTeam "Niedersachsen"]
[BlackTeam "Mecklenburg-Vorpommern"]
[PlyCount "61"]
[WhiteFideId "533001308"]
[BlackFideId "34660216"]
[EventCountry "GER"]
[EventRounds "7"]
[EventType "team-swiss"]
[EventDate "2025.09.30"]

1. d4 {[%clk 01:30:57]} {[%emt 00:00:02]} d5 {[%clk 01:30:54]} {[%emt
00:00:07]} 2. c4 {[%clk 01:31:23]} {[%emt 00:00:05]} e6 {[%clk 01:31:20]}
{[%emt 00:00:04]} 3. Nf3 {[%clk 01:31:45]} {[%emt 00:00:08]} Nf6 {[%clk
01:31:39]} {[%emt 00:00:11]} 4. g3 {[%clk 01:32:06]} {[%emt 00:00:09]} Be7
{[%clk 01:31:58]} {[%emt 00:00:11]} 5. Bg2 {[%clk 01:32:29]} {[%emt 00:00:08]}
O-O {[%clk 01:32:19]} {[%emt 00:00:07]} 6. O-O {[%clk 01:32:55]} {[%emt
00:00:05]} c6 {[%clk 01:32:25]} {[%emt 00:00:23]} 7. Nbd2 {[%clk 01:33:00]}
{[%emt 00:00:25]} b6 {[%clk 01:32:02]} {[%emt 00:00:53]} 8. Qc2 {[%clk
01:32:52]} {[%emt 00:00:38]} h6 {[%clk 01:32:02]} {[%emt 00:00:31]} 9. e4
{[%clk 01:31:44]} {[%emt 00:01:38]} Bb7 {[%clk 01:23:44]} {[%emt 00:08:48]} 10.
Re1 {[%clk 01:24:24]} {[%emt 00:07:50]} Na6 {[%clk 01:14:29]} {[%emt 00:09:44]}
11. a3 {[%clk 01:22:57]} {[%emt 00:01:57]} Rc8 {[%clk 01:11:05]} {[%emt
00:03:54]} 12. e5 {[%clk 01:20:55]} {[%emt 00:02:33]} Ne8 {[%clk 01:11:01]}
{[%emt 00:00:34]} 13. Qd1 {[%clk 01:17:45]} {[%emt 00:03:40]} dxc4 {[%clk
01:05:14]} {[%emt 00:06:18]} 14. Nxc4 {[%clk 01:16:13]} {[%emt 00:02:02]} Nec7
{[%clk 01:03:58]} {[%emt 00:01:45]} 15. Be3 {[%clk 01:12:27]} {[%emt 00:04:16]}
Nd5 {[%clk 01:02:39]} {[%emt 00:01:49]} 16. Rc1 {[%clk 01:11:09]} {[%emt
00:01:48]} Re8 {[%clk 00:49:21]} {[%emt 00:13:49]} 17. Ncd2 {[%clk 01:02:14]}
{[%emt 00:09:24]} Bf8 {[%clk 00:43:11]} {[%emt 00:06:40]} 18. Ne4 {[%clk
00:57:58]} {[%emt 00:04:47]} Be7 {[%clk 00:33:16]} {[%emt 00:10:25]} 19. Qe2
{[%clk 00:50:10]} {[%emt 00:08:17]} Rf8 {[%clk 00:26:29]} {[%emt 00:07:18]} 20.
Nfd2 {[%clk 00:48:34]} {[%emt 00:02:06]} f5 {[%clk 00:22:48]} {[%emt 00:04:10]}
21. exf6 {[%clk 00:48:34]} {[%emt 00:00:30]} Nxf6 {[%clk 00:23:00]} {[%emt
00:00:19]} 22. Nxf6+ {[%clk 00:45:58]} {[%emt 00:03:05]} Rxf6 {[%clk 00:15:23]}
{[%emt 00:08:07]} 23. Qg4 {[%clk 00:44:56]} {[%emt 00:01:30]} Kh8 {[%clk
00:12:49]} {[%emt 00:03:06]} 24. Be4 {[%clk 00:41:18]} {[%emt 00:04:07]} Qd7
{[%clk 00:05:36]} {[%emt 00:07:43]} 25. Nf3 {[%clk 00:39:09]} {[%emt 00:02:40]}
Bd6 {[%clk 00:04:10]} {[%emt 00:01:56]} 26. Ne5 {[%clk 00:36:08]} {[%emt
00:03:31]} Bxe5 {[%clk 00:01:31]} {[%emt 00:03:09]} 27. dxe5 {[%clk 00:36:31]}
{[%emt 00:00:08]} Rf7 {[%clk 00:01:07]} {[%emt 00:00:53]} 28. Red1 {[%clk
00:36:50]} {[%emt 00:00:11]} Qe7 {[%clk 00:00:51]} {[%emt 00:00:46]} 29. Rd6
{[%clk 00:36:48]} {[%emt 00:00:32]} Qf8 {[%emt 00:00:52]} 30. Rxe6 {[%clk
00:36:13]} {[%emt 00:01:03]} Nb8 {[%clk 00:00:34]} {[%emt 00:00:28]} 31. Qg6
{[%clk 00:35:13]} {[%emt 00:01:30]} 1-0

[Event "Deutsche Ländermeisterschaft 2025"]
[Site "Oer-Erkenschwick GER"]
[Date "2025.10.01"]
[Round "2"]
[White "Subocz, Emma"]
[Black "Benitez Villalba, Amaia Beatriz"]
[Result "0-1"]
[Termination "normal"]
[Board "8.8"]
[WhiteElo "1569"]
[BlackElo "1015"]
[WhiteClock "00:28:04"]
[BlackClock "00:14:23"]
[WhiteTeam "Mecklenburg-Vorpommern"]
[BlackTeam "Niedersachsen"]
[PlyCount "84"]
[WhiteFideId "41805666"]
[BlackFideId "3714802"]
[EventCountry "GER"]
[EventRounds "7"]
[EventType "team-swiss"]
[EventDate "2025.09.30"]

1. e4 {[%clk 01:30:58]} {[%emt 00:00:02]} c6 {[%clk 01:31:23]} {[%emt
00:00:07]} 2. d4 {[%clk 01:31:20]} {[%emt 00:00:08]} d5 {[%clk 01:31:19]}
{[%emt 00:00:33]} 3. exd5 {[%clk 01:31:36]} {[%emt 00:00:13]} cxd5 {[%clk
01:31:02]} {[%emt 00:00:47]} 4. Bd3 {[%clk 01:31:31]} {[%emt 00:00:36]} Nc6
{[%clk 01:31:05]} {[%emt 00:00:27]} 5. Nf3 {[%clk 01:31:48]} {[%emt 00:00:13]}
Bg4 {[%clk 01:29:35]} {[%emt 00:02:00]} 6. Be2 {[%clk 01:29:28]} {[%emt
00:02:50]} Qc7 {[%clk 01:28:38]} {[%emt 00:01:24]} 7. Nc3 {[%clk 01:28:11]}
{[%emt 00:01:49]} e6 {[%clk 01:28:01]} {[%emt 00:01:08]} 8. O-O {[%clk
01:26:12]} {[%emt 00:02:29]} Bd6 {[%clk 01:27:21]} {[%emt 00:01:10]} 9. Nb5
{[%clk 01:25:09]} {[%emt 00:01:32]} Qd7 {[%clk 01:23:21]} {[%emt 00:04:11]} 10.
Nxd6+ {[%clk 01:25:08]} {[%emt 00:00:50]} Qxd6 {[%clk 01:22:47]} {[%emt
00:01:04]} 11. h3 {[%clk 01:22:45]} {[%emt 00:02:54]} Bh5 {[%clk 01:22:04]}
{[%emt 00:01:05]} 12. Bg5 {[%clk 01:17:44]} {[%emt 00:05:38]} Nf6 {[%clk
01:16:52]} {[%emt 00:05:38]} 13. c4 {[%clk 01:14:18]} {[%emt 00:04:01]} h6
{[%clk 01:13:13]} {[%emt 00:04:08]} 14. Bh4 {[%clk 01:13:48]} {[%emt 00:01:00]}
O-O {[%clk 01:06:56]} {[%emt 00:06:47]} 15. Bxf6 {[%clk 01:13:46]} {[%emt
00:00:32]} gxf6 {[%clk 01:06:57]} {[%emt 00:00:29]} 16. Qd2 {[%emt 00:02:14]}
Kh7 {[%clk 01:04:48]} {[%emt 00:01:45]} 17. Qd3+ {[%clk 01:08:17]} {[%emt
00:05:08]} Bg6 {[%clk 01:03:33]} {[%emt 00:01:44]} 18. Qe3 {[%clk 01:05:42]}
{[%emt 00:03:07]} Rae8 {[%clk 00:59:34]} {[%emt 00:04:27]} 19. Nh2 {[%clk
01:04:22]} {[%emt 00:01:53]} f5 {[%clk 00:57:49]} {[%emt 00:02:15]} 20. Rad1
{[%clk 00:59:05]} {[%emt 00:05:45]} e5 {[%clk 00:54:08]} {[%emt 00:04:04]} 21.
dxe5 {[%clk 00:55:25]} {[%emt 00:04:18]} Rxe5 {[%clk 00:49:01]} {[%emt
00:05:36]} 22. Qf4 {[%clk 00:53:46]} {[%emt 00:02:10]} Qb4 {[%clk 00:41:24]}
{[%emt 00:07:57]} 23. Qd2 {[%clk 00:49:50]} {[%emt 00:04:35]} Rfe8 {[%clk
00:32:23]} {[%emt 00:09:30]} 24. Rfe1 {[%clk 00:47:42]} {[%emt 00:02:39]} Qxd2
{[%clk 00:30:16]} {[%emt 00:02:38]} 25. Rxd2 {[%clk 00:47:05]} {[%emt
00:01:07]} dxc4 {[%clk 00:28:35]} {[%emt 00:02:12]} 26. Nf3 {[%clk 00:43:12]}
{[%emt 00:04:21]} R5e7 {[%clk 00:22:16]} {[%emt 00:06:45]} 27. Kf1 {[%clk
00:42:26]} {[%emt 00:01:20]} b5 {[%clk 00:20:32]} {[%emt 00:02:15]} 28. Rd5
{[%clk 00:41:22]} {[%emt 00:01:34]} a6 {[%clk 00:18:49]} {[%emt 00:02:13]} 29.
Rd6 {[%clk 00:40:44]} {[%emt 00:01:08]} Re6 {[%clk 00:18:25]} {[%emt 00:00:53]}
30. Rd7 {[%clk 00:39:37]} {[%emt 00:01:39]} Ne5 {[%clk 00:17:20]} {[%emt
00:01:32]} 31. Nxe5 {[%clk 00:39:27]} {[%emt 00:00:43]} Rxe5 {[%clk 00:17:34]}
{[%emt 00:00:15]} 32. h4 {[%clk 00:36:19]} {[%emt 00:03:38]} f4 {[%clk
00:16:53]} {[%emt 00:01:11]} 33. g3 {[%clk 00:33:00]} {[%emt 00:03:49]} f3
{[%clk 00:16:48]} {[%emt 00:00:35]} 34. Ra7 {[%clk 00:28:18]} {[%emt 00:05:12]}
Rxe2 {[%clk 00:15:58]} {[%emt 00:01:20]} 35. Rd1 {[%clk 00:28:10]} {[%emt
00:00:38]} Rxb2 {[%clk 00:15:37]} {[%emt 00:00:52]} 36. Rxa6 {[%clk 00:27:51]}
{[%emt 00:00:49]} Ree2 {[%clk 00:15:16]} {[%emt 00:00:50]} 37. Rf6 {[%clk
00:27:40]} {[%emt 00:00:41]} Rxf2+ {[%clk 00:15:19]} {[%emt 00:00:27]} 38. Kg1
{[%clk 00:27:58]} {[%emt 00:00:12]} Rg2+ {[%clk 00:15:28]} {[%emt 00:00:21]}
39. Kf1 {[%clk 00:28:14]} {[%emt 00:00:14]} Bd3+ {[%clk 00:14:41]} {[%emt
00:01:17]} 40. Ke1 {[%clk 00:27:56]} {[%emt 00:00:48]} f2+ {[%clk 00:14:26]}
{[%emt 00:00:44]} 41. Rxf2 {[%clk 00:28:00]} {[%emt 00:00:27]} Rgxf2 {[%clk
00:14:20]} {[%emt 00:00:36]} 42. Ra1 {[%clk 00:28:04]} {[%emt 00:00:26]} Rf1#
{[%clk 00:14:23]} {[%emt 00:00:26]} 0-1

[Event "Deutsche Ländermeisterschaft 2025"]
[Site "Oer-Erkenschwick GER"]
[Date "2025.10.01"]
[Round "2"]
[White "Sheng, Ming"]
[Black "Matthäi, Jakob"]
[Result "1/2-1/2"]
[Termination "normal"]
[Board "9.1"]
[WhiteElo "2148"]
[BlackElo "2163"]
[WhiteClock "00:19:55"]
[BlackClock "00:18:06"]
[WhiteTeam "Saarland & Friends"]
[BlackTeam "Sachsen"]
[PlyCount "72"]
[WhiteFideId "34605258"]
[BlackFideId "16240421"]
[EventCountry "GER"]
[EventRounds "7"]
[EventType "team-swiss"]
[EventDate "2025.09.30"]

1. e4 {[%clk 01:30:58]} {[%emt 00:00:02]} e5 {[%clk 01:30:01]} {[%emt
00:00:59]} 2. Nf3 {[%clk 01:31:22]} {[%emt 00:00:06]} Nc6 {[%clk 01:29:50]}
{[%emt 00:00:40]} 3. Bc4 {[%clk 01:31:32]} {[%emt 00:00:19]} Bc5 {[%clk
01:30:16]} {[%emt 00:00:05]} 4. d3 {[%clk 01:31:55]} {[%emt 00:00:08]} Nf6
{[%clk 01:30:41]} {[%emt 00:00:04]} 5. a4 {[%clk 01:32:08]} {[%emt 00:00:17]}
O-O {[%clk 01:30:02]} {[%emt 00:01:09]} 6. a5 {[%clk 01:32:30]} {[%emt
00:00:08]} a6 {[%clk 01:23:25]} {[%emt 00:07:07]} 7. O-O {[%clk 01:32:46]}
{[%emt 00:00:14]} h6 {[%clk 01:21:38]} {[%emt 00:02:18]} 8. c3 {[%clk
01:30:04]} {[%emt 00:03:12]} Ba7 {[%clk 01:20:35]} {[%emt 00:01:33]} 9. h3
{[%clk 01:29:35]} {[%emt 00:00:59]} d6 {[%clk 01:19:24]} {[%emt 00:01:41]} 10.
Be3 {[%clk 01:29:40]} {[%emt 00:00:23]} Qe7 {[%clk 01:17:45]} {[%emt 00:02:10]}
11. Nbd2 {[%clk 01:29:01]} {[%emt 00:01:08]} Be6 {[%clk 01:16:47]} {[%emt
00:01:28]} 12. Bxe6 {[%clk 01:27:24]} {[%emt 00:02:07]} fxe6 {[%clk 01:16:19]}
{[%emt 00:00:59]} 13. Bxa7 {[%clk 01:23:06]} {[%emt 00:04:48]} Nxa7 {[%clk
01:15:49]} {[%emt 00:00:59]} 14. d4 {[%clk 01:23:30]} {[%emt 00:00:07]} Nc6
{[%clk 01:11:51]} {[%emt 00:04:28]} 15. dxe5 {[%clk 01:20:18]} {[%emt
00:03:42]} dxe5 {[%clk 01:11:21]} {[%emt 00:01:00]} 16. Nc4 {[%clk 01:15:12]}
{[%emt 00:05:35]} Nd7 {[%clk 01:11:11]} {[%emt 00:00:41]} 17. Qe2 {[%clk
01:08:28]} {[%emt 00:07:14]} Qf6 {[%clk 01:09:50]} {[%emt 00:01:49]} 18. Rad1
{[%clk 01:04:43]} {[%emt 00:04:15]} Rf7 {[%clk 01:08:23]} {[%emt 00:01:58]} 19.
Nh2 {[%clk 01:03:30]} {[%emt 00:01:43]} Qg6 {[%clk 01:04:08]} {[%emt 00:04:44]}
20. Ng4 {[%clk 01:01:57]} {[%emt 00:02:02]} Qg5 {[%clk 00:57:55]} {[%emt
00:06:44]} 21. g3 {[%clk 00:58:08]} {[%emt 00:04:20]} h5 {[%clk 00:56:44]}
{[%emt 00:01:41]} 22. Nh2 {[%clk 00:57:29]} {[%emt 00:01:09]} Raf8 {[%clk
00:56:07]} {[%emt 00:01:07]} 23. h4 {[%clk 00:57:19]} {[%emt 00:00:40]} Qg6
{[%clk 00:54:27]} {[%emt 00:02:09]} 24. b4 {[%clk 00:55:45]} {[%emt 00:02:04]}
Nf6 {[%clk 00:52:37]} {[%emt 00:02:20]} 25. Nf3 {[%clk 00:53:16]} {[%emt
00:02:58]} Qxe4 {[%clk 00:34:30]} {[%emt 00:18:38]} 26. Rde1 {[%clk 00:53:07]}
{[%emt 00:00:39]} Qxe2 {[%clk 00:33:10]} {[%emt 00:01:49]} 27. Rxe2 {[%clk
00:53:18]} {[%emt 00:00:19]} Nd5 {[%clk 00:33:08]} {[%emt 00:00:32]} 28. Nfxe5
{[%clk 00:52:28]} {[%emt 00:01:20]} Nxe5 {[%clk 00:28:05]} {[%emt 00:05:34]}
29. Nxe5 {[%clk 00:52:18]} {[%emt 00:00:40]} Rf5 {[%clk 00:27:05]} {[%emt
00:01:31]} 30. Rc1 {[%clk 00:46:08]} {[%emt 00:06:39]} g5 {[%clk 00:24:21]}
{[%emt 00:03:15]} 31. hxg5 {[%clk 00:25:45]} {[%emt 00:20:51]} Rxg5 {[%clk
00:24:46]} {[%emt 00:00:07]} 32. Re4 {[%clk 00:25:42]} {[%emt 00:00:31]} h4
{[%clk 00:23:26]} {[%emt 00:01:51]} 33. Nd7 {[%clk 00:21:22]} {[%emt 00:04:49]}
Rf7 {[%clk 00:23:16]} {[%emt 00:00:41]} 34. Ne5 {[%clk 00:19:55]} {[%emt
00:01:57]} Rf8 {[%clk 00:20:26]} {[%emt 00:03:20]} 35. Nd7 {[%clk 00:19:38]}
{[%emt 00:00:47]} Rf7 {[%clk 00:18:06]} {[%emt 00:02:50]} 36. Ne5 {[%clk
00:19:55]} {[%emt 00:00:12]} Rf4 {[%emt 00:13:19]} 1/2-1/2

[Event "Deutsche Ländermeisterschaft 2025"]
[Site "Oer-Erkenschwick GER"]
[Date "2025.10.01"]
[Round "2"]
[White "Steger, Lukas Daniel"]
[Black "Müller, Maximilian"]
[Result "1-0"]
[Termination "normal"]
[Board "9.2"]
[WhiteElo "2081"]
[BlackElo "2059"]
[WhiteClock "00:20:36"]
[BlackClock "00:51:20"]
[WhiteTeam "Sachsen"]
[BlackTeam "Saarland & Friends"]
[PlyCount "100"]
[WhiteFideId "3335151"]
[BlackFideId "16243552"]
[EventCountry "GER"]
[EventRounds "7"]
[EventType "team-swiss"]
[EventDate "2025.09.30"]

1. e4 {[%clk 01:30:57]} {[%emt 00:00:02]} e6 {[%clk 01:30:57]} {[%emt
00:00:03]} 2. d4 {[%clk 01:31:03]} {[%emt 00:00:23]} d5 {[%clk 01:31:22]}
{[%emt 00:00:06]} 3. Nc3 {[%clk 01:31:24]} {[%emt 00:00:09]} Nf6 {[%clk
01:31:40]} {[%emt 00:00:13]} 4. Bg5 {[%clk 01:30:57]} {[%emt 00:00:56]} Bb4
{[%clk 01:32:03]} {[%emt 00:00:07]} 5. e5 {[%clk 01:30:48]} {[%emt 00:00:39]}
h6 {[%clk 01:32:28]} {[%emt 00:00:05]} 6. Bd2 {[%clk 01:30:33]} {[%emt
00:00:44]} Bxc3 {[%clk 01:32:52]} {[%emt 00:00:07]} 7. bxc3 {[%clk 01:30:45]}
{[%emt 00:00:18]} Ne4 {[%clk 01:33:18]} {[%emt 00:00:04]} 8. Bc1 {[%clk
01:30:16]} {[%emt 00:00:59]} c5 {[%clk 01:29:49]} {[%emt 00:04:00]} 9. Ne2
{[%clk 01:28:58]} {[%emt 00:01:47]} Qa5 {[%emt 00:09:24]} 10. f3 Nxc3 {[%clk
01:21:37]} {[%emt 00:00:12]} 11. Qd2 {[%clk 01:28:46]} {[%emt 00:00:50]} cxd4
{[%clk 01:22:01]} {[%emt 00:00:06]} 12. Nxd4 {[%clk 01:28:17]} {[%emt
00:00:58]} Nc6 {[%clk 01:22:25]} {[%emt 00:00:06]} 13. Nb3 {[%clk 01:22:18]}
{[%emt 00:06:29]} Qc7 {[%clk 01:16:45]} {[%emt 00:06:10]} 14. Qxc3 {[%clk
01:22:23]} {[%emt 00:00:24]} Qxe5+ 15. Qxe5 {[%clk 01:21:43]} Nxe5 {[%clk
01:17:39]} 16. Bb2 {[%clk 01:21:16]} {[%emt 00:00:57]} f6 17. Bxe5 {[%clk
01:20:54]} fxe5 {[%clk 01:18:32]} {[%emt 00:00:01]} 18. O-O-O {[%clk 01:20:11]}
{[%emt 00:01:12]} Ke7 {[%clk 01:18:54]} {[%emt 00:00:08]} 19. Bd3 {[%clk
01:19:18]} {[%emt 00:01:22]} Bd7 {[%clk 01:18:57]} {[%emt 00:00:28]} 20. Rhe1
{[%clk 01:18:51]} {[%emt 00:00:57]} Kd6 {[%clk 01:19:19]} {[%emt 00:00:08]} 21.
Rd2 {[%clk 01:14:53]} {[%emt 00:04:27]} a5 {[%clk 01:19:16]} {[%emt 00:00:33]}
22. Rde2 {[%clk 01:14:25]} {[%emt 00:00:58]} a4 {[%clk 01:19:34]} {[%emt
00:00:13]} 23. Nd2 {[%clk 01:13:59]} {[%emt 00:00:55]} b5 {[%clk 01:19:57]}
{[%emt 00:00:07]} 24. Rxe5 {[%clk 01:13:05]} {[%emt 00:01:24]} Rhf8 {[%clk
01:19:48]} {[%emt 00:00:40]} 25. Kb2 {[%clk 01:11:13]} {[%emt 00:02:22]} b4
{[%clk 01:20:13]} {[%emt 00:00:06]} 26. h4 {[%clk 01:08:41]} {[%emt 00:03:01]}
Ra7 {[%clk 01:20:19]} {[%emt 00:00:25]} 27. g3 {[%clk 01:05:31]} {[%emt
00:03:40]} b3 {[%clk 01:20:13]} {[%emt 00:00:36]} 28. axb3 {[%clk 01:02:22]}
{[%emt 00:03:38]} axb3 {[%clk 01:20:37]} {[%emt 00:00:06]} 29. Nxb3 {[%clk
01:02:35]} {[%emt 00:00:17]} Rxf3 {[%clk 01:20:57]} {[%emt 00:00:10]} 30. Bb5
{[%clk 00:53:31]} {[%emt 00:09:33]} Bc8 {[%clk 01:14:49]} {[%emt 00:06:39]} 31.
R5e3 {[%clk 00:48:11]} {[%emt 00:05:50]} Raf7 {[%clk 01:14:31]} {[%emt
00:00:48]} 32. Be8 {[%clk 00:46:06]} {[%emt 00:02:34]} Rf8 {[%clk 01:14:21]}
{[%emt 00:00:41]} 33. Bh5 {[%clk 00:45:42]} {[%emt 00:00:53]} Rxe3 {[%clk
01:14:41]} {[%emt 00:00:11]} 34. Rxe3 {[%clk 00:46:08]} {[%emt 00:00:04]} e5
{[%clk 01:15:07]} {[%emt 00:00:04]} 35. Rf3 {[%clk 00:45:23]} {[%emt 00:01:14]}
Rxf3 {[%clk 01:12:52]} {[%emt 00:02:46]} 36. Bxf3 {[%clk 00:45:48]} {[%emt
00:00:05]} g5 {[%clk 01:11:53]} {[%emt 00:01:29]} 37. hxg5 {[%clk 00:30:47]}
{[%emt 00:15:31]} hxg5 {[%clk 01:12:16]} {[%emt 00:00:06]} 38. Kc1 {[%clk
00:29:30]} {[%emt 00:01:48]} Bf5 {[%clk 01:07:18]} {[%emt 00:05:28]} 39. Bg2
{[%clk 00:27:37]} {[%emt 00:02:23]} e4 {[%clk 00:53:20]} {[%emt 00:14:28]} 40.
Nd4 {[%clk 00:26:09]} {[%emt 00:01:58]} Bd7 {[%clk 00:53:18]} {[%emt 00:00:32]}
41. Kd2 {[%clk 00:25:45]} {[%emt 00:00:54]} Ke5 {[%clk 00:53:38]} 42. Ke3
{[%clk 00:25:18]} {[%emt 00:01:08]} Kd6 {[%clk 00:52:43]} {[%emt 00:01:25]} 43.
Bf1 {[%clk 00:24:57]} {[%emt 00:00:50]} Ke5 {[%clk 00:52:52]} 44. c3 {[%clk
00:23:10]} {[%emt 00:02:39]} Ba4 {[%clk 00:52:52]} 45. Ba6 {[%clk 00:22:06]}
{[%emt 00:02:04]} Bd7 {[%clk 00:52:55]} 46. Bb7 {[%clk 00:20:36]} {[%emt
00:02:26]} Ba4 {[%clk 00:53:16]} 47. Bc8 {[%clk 00:20:36]} Bd1 {[%clk
00:53:16]} 48. Bb7 {[%clk 00:20:11]} Ba4 {[%clk 00:53:16]} 49. Bc8 {[%clk
00:20:36]} Bd1 {[%clk 00:53:16]} 50. Ne2 {[%clk 00:20:36]} Kf6 {[%clk
00:51:20]} {[%emt 00:07:58]} 1-0